000 00327nam a2200121Ia 4500
008 220204s9999 xx 000 0 und d
082 _a330.342.22
_bCHE
245 4 _aThe underdevelopment of development
260 _aNew Delhi
_bSage Publications
_c1996
700 _aChew, Sing C
700 _aDenemark, Robert A
942 _cBK
999 _c41299
_d41299